Enfermos de información : de cómo el torrente mediático está saturando nuestras vidas /

Estudio panorámico sobre la saturación de imágenes y sonidos producidos por los medios de comunicación, que caracteriza a las sociedades de inicios del siglo XXI. Lejos de suscribir la existencia de una nueva era de la información, el análisis muestra que el torrente mediático de sensaciones incesan...

Deskribapen osoa

Gorde:
Xehetasun bibliografikoak
Egile nagusia: Gitlin, Todd (autor)
Formatua: Liburua
Hizkuntza:gaztelania
Argitaratua: Barcelona, España : Paidós, 2005, c2005
Saila:(Paidós Controversias ; 11)
Gaiak:
Etiketak: Etiketa erantsi
Etiketarik gabe, Izan zaitez lehena erregistro honi etiketa jartzen!

MARC

LEADER 00000nam^a2200000^a^4500
001 000182955
005 20250521000000.0
009 20260310102024.383
020 |a 84-493-1713-4 
037 |a Acervo ITESO - Biblioteca 
041 |a ESP 
082 |a 302. 2301  |b GIT 
100 |a Gitlin, Todd  |e (autor) 
240 1 1 |a [Enfermos de información: de cómo el torrente mediático está saturando nuestras vidas] 
245 1 0 |a Enfermos de información :  |b de cómo el torrente mediático está saturando nuestras vidas /  |c T. Gitlin ; tr. por Marta Pino Moreno. 
264 4 |a Barcelona, España :  |b Paidós,  |c 2005, c2005 
300 |a 310 p. 
336 |a texto  |b txt  |2 rdacontenido 
337 |a sin mediación  |b n  |2 rdamedio 
338 |a volumen  |b nc  |2 rdasoporte 
440 1 |a (Paidós Controversias ;  |v 11) 
500 |a Traducción de: Media Unlimited: How the Torrent of Images and Sounds Overwhelms Our Lives 
520 |a Estudio panorámico sobre la saturación de imágenes y sonidos producidos por los medios de comunicación, que caracteriza a las sociedades de inicios del siglo XXI. Lejos de suscribir la existencia de una nueva era de la información, el análisis muestra que el torrente mediático de sensaciones incesantes, transiciones instantáneas y estímulos imparables alienta emociones desechables y compromisos casuales, al tiempo que desafía convertir la democracia en una atracción secundaria. 
649 |a XX 
650 |a Recepción y Apropiación de la Comunicación 
650 |a Medios de Comunicación -  |z EUA 
650 |a Medios de Comunicación 
650 |a Comunicación Masiva -  |z EUA 
650 |a Comunicación Masiva 
650 |a Comunicación y Política 
650 |a Sociología de la Comunicación 
910 |a Fondo General 
920 |a Impresos - Libros 
930 |a Colección General 
905 |a 101 
901 |a 0500122988  |b IT1  |c ACC  |u 20250521 
901 |a 0500122991  |b IT1  |c ACC  |u 20250521 
902 |a https://opac.biblio.iteso.mx/vufind/Record/000182955